Statistics for Name That Church

Click here to take the quiz!

General Stats

  • This quiz has been taken 30 times
  • The average score is 11 of 20

Answer Stats

Answer % Correct
{Notre}-{Dame} de Paris
({Notre}-{Dame} Cathedral)
100%
Basilica {Sancti} {Petri}
({St} {Peter's} Basilica)
93%
{Westminster} Abbey
93%
Собор Василия Блаженного
({St} {Basil's} Cathedral)
86%
{St} {Paul's} Cathedral
79%
{Kölner} Dom
({Cologne} Cathdral)
71%
La {Sagrada} {Família}
(the {Sacred} {Family})
71%
Duomo di {Firenze}
({Florence} Cathedral)
71%
Αγία Σοφία
({Hagia} {Sophia})
71%
Duomo di {Milano}
({Milan} Cathedral)
71%
Basilica di {San} {Marco}
({St} {Mark's} Basilica)
50%
Hallgrímskirkja
(Church of {Hallgrímur})
50%
Catedral Metropolitana Nossa Senhora Aparecida
(Cathedral of {Brasília})
43%
كَنِيسَةُ ٱلْمَهْد‎
(Church of the {Nativity})
36%
{Washington} National Cathedral
29%
Cathédrale Notre-Dame
de {Chartres}
({Chartres} Cathedral)
29%
Cathedral of {St} {John} the Divine
21%
כנסיית הקבר
(Church of the Holy {Sepulchre})
21%
{St} {Andrews} Cathedral
14%
Cathedral of Our Lady of the {Angels}
7%

Score Distribution

Percentile by Number Answered

Percent of People with Each Score

Your Score History

You have not taken this quiz